000 00478nam a2200181Ia 4500
001 16246
005 20260306170255.0
008 260306t2009||||xx |||||||||||||| ||und||
041 _aESP
082 _a347.51
_bG86
100 _aGuerra Cerrón, J. María Elena
_eAUT
245 0 _aLevantamiento del velo y responsabilidad de las sociedades anónimas
260 _c2009
300 _a559 páginas :
_c25 cm.
650 _aGEN
654 _aCDE
942 _cLIB
_dJUS
_fJUS
_2ddc
_n
999 _c16246
_d16246